| 000 | 00473nam a2200205Ia 4500 | ||
|---|---|---|---|
| 008 | 170918s9999 xx 000 0 und d | ||
| 020 | _a9780516278803 | ||
| 050 | _bE191 2003 | ||
| 100 | _aEckart, Edana | ||
| 245 | _aBeetles / | ||
| 245 | _cEdana Eckart. | ||
| 260 | _aNew York : | ||
| 260 | _bChildren's Press, | ||
| 260 | _c2003 | ||
| 300 | _a24 pages : | ||
| 300 | _bcolored illustration ; | ||
| 300 | _c15cm. | ||
| 440 | _aWelcome books. | ||
| 500 | _a310 | ||
| 999 |
_c341221 _d341221 |
||